Vedavāstu prabhākara. (Record no. 83847)

MARC details
000 -LEADER
fixed length control field 00699cam a22002411 4500
001 - CONTROL NUMBER
control field sa 68011379
003 - CONTROL NUMBER IDENTIFIER
control field DLC
005 - DATE AND TIME OF LATEST TRANSACTION
control field 20260227112559.0
008 - FIXED-LENGTH DATA ELEMENTS--GENERAL INFORMATION
fixed length control field 900104s1965 ii a 000 0 gujo
010 ## - LIBRARY OF CONGRESS CONTROL NUMBER
LC control number sa 68011379
025 ## - OVERSEAS ACQUISITION NUMBER
Overseas acquisition number PL480:I-Gu-676
035 ## - SYSTEM CONTROL NUMBER
System control number (OCoLC)20844513
040 ## - CATALOGING SOURCE
Original cataloging agency DLC
Transcribing agency WaU
Modifying agency DLC
041 0# - LANGUAGE CODE
Language code of text/sound track or separate title gujhinsan
042 ## - AUTHENTICATION CODE
Authentication code premarc
050 00 - LIBRARY OF CONGRESS CALL NUMBER
Classification number PK1856
Item number .S6
100 1# - MAIN ENTRY--PERSONAL NAME
Personal name Somapurā, Prabhāśaṅkara Oghaḍabhāī,
Dates associated with a name 1896-
245 10 - TITLE STATEMENT
Title Vedavāstu prabhākara.
Remainder of title Vedhavastu-prabhakar.
260 ## - PUBLICATION, DISTRIBUTION, ETC.
Date of publication, distribution, etc. 1965.
300 ## - PHYSICAL DESCRIPTION
Extent 3, 32, 147 p.
Other physical details illus.
Dimensions 26 cm.
500 ## - GENERAL NOTE
General note Gujarati, Hindi and Sanskrit; Introd. and notes in Gujarati.
650 #0 - SUBJECT ADDED ENTRY--TOPICAL TERM
Topical term or geographic name entry element Architecture
Geographic subdivision india
Form subdivision Poetry.

No items available.

Powered by Koha